000 00989nam a22002057a 4500
003 OSt
005 20160620110027.0
008 150409b2011 slv spa
040 _cBMC
082 _a004.21
100 1 _934504
_aMartínez Cortez, Ronald Alexis
245 1 0 _aPasantía de asistente informático a la gerencia en el área de mercadeo de la empresa Oxgasa de San Salvador
_b: Informe final
_cRonald Alexis Martínez Cortez
260 _aSanta Ana (El Salvador)
_bUniversidad Católica de El Salvador
_c2011
300 _a91 h.
_bil. col.
_c28 cm
_e+ 1 disco compacto
500 _aPrecede al tít.: Universidad Católica de El Salvador, Facultad de Ciencias Empresariales
502 _aTrabajo de graduación para optar al grado académico de Licenciado en Sistemas Informáticos Administrativos
650 2 4 _91736
_aAdministración de sistemas de información
710 2 _91067
_aUniversidad Católica de El Salvador
_bFacultad de Ciencias Empresariales
942 _2ddc
_cTG
999 _c21028
_d21028